000 02076cam a22004454i 4500
003 PE-LiUPU
005 20250731173135.0
008 150623s r 000 0 d
020 _a0310406013
035 _a(Sirsi) i9780310406013
040 _aPE-LiUPU
_bspa
_cPE-LiUPU
_erda
049 _aPRUA
082 0 4 _a269.2
_bS51
_221
100 1 _aSider, Ronald J.,
_eautor.
245 1 0 _aCup of water bread of life :
_bInspiring stories about overcoming lopsided christianity /
_cRonald J. Sider.
264 1 _aGrand Rapids, Michigan :
_bZondervan Publishing House,
_c1994.
300 _a186 páginas ;
_c20 centímetros
336 _atext
_2rdacontent
337 _aunmediated
_2rdamedia
338 _avolume
_2rdacarrier
505 0 _aFighting apartheid and evangelizing the oppressed, Caesar molebatsi and youth alive. -Words, works, and wonders among the poor of London. -From the halls of Cambridge to the slums of Bangalore. -A fudge-ripple partnership in inner-city Chicago. -Unleashing a sleepy traditional, congregation: words, deeds, and signs in New Zealand. -Stomath theology in a poor island paradise. -Orphan, businessman, and banker for the poor. -Athletes for Christ in the inner city. -Combining mass evangelism and social action in a secular society. -Unleashing the laity in a typical American church. -Jesus action all around the globe.
526 _aSEG42
526 _aSEG41
526 _aSEG40
526 _aSEG39
526 _aP94
526 _aP87
526 _aP86
526 _aP85
526 _aP77
526 _aP76
526 _aP35
650 0 4 _aVida cristiana (Testimonios).
942 _2ddc
_cBOOK
949 _a269.2 S51
_wDEWEY
_c1
_i52228
_lCCODEBUL1
_mBUL
_p8.00
_r0
_sY
_tBOOK
_u2015-6-24
_xTEOLOGIA
_PP35
_0COMPRA
_o.STAFF. Colección General
994 _aC0
_bPEPRU
596 _a1
999 _a269.2 S51
_wDEWEY
_c34041
_i52228
_f2021-11-10
_g5
_lCCODEBUL1
_mBUL
_p8.00
_r0
_sY
_tBOOK
_u2015-6-24
_xTEOLOGIA
_PP35
_0COMPRA
_o.STAFF. Colección General
_d34041
980 _81
_gALBERTO SANCHEZ Responsable de Automatización